[Event "Copenhagen Chess Challenge 2019"]
[Site "Ballerup"]
[Date "2019.05.15"]
[Round "1.1"]
[White "Mads Overgaard Svendsen"]
[Black "Vladimir Burmakin"]
[Result "0-1"]
[WhiteElo "2062"]
[BlackElo "2519"]
[Annotator "TA"]
[PlyCount "108"]
[EventDate "2019.05.16"]
[EventCountry "DEN"]
[SourceTitle "playchess.com"]
[Source "ChessBase"]
[SourceQuality "1"]

{[%evp 9,108,52,53,38,63,53,73,55,72,33,73,15,47,29,47,36,48,0,7,0,8,0,12,0,0,-16,-15,-16,-18,-15,-22,-20,-15,-39,-33,-33,-23,-36,-43,-47,0,-11,-9,-11,0,0,27,0,0,6,45,57,64,62,52,52,56,50,48,-17,-38,-66,-54,-77,-63,-62,-44,-81,-77,-136,-53,-56,-39,-42,-49,-74,0,-13,0,-7,0,0,0,0,220,-191,-201,-189,-198,-173,-183,-166,-141,-137,-129,-120,-125,-131,-90,-268,-238]} 1. e4 d5 2. exd5 Qxd5 3. Nc3 Qd6 4. d4 Nf6 5. Nf3 c6 6. h3 {B01: Scandinavian Defence} (6. g3 Bf5 7. Bg2 h6 8. O-O e6 9. Na4 Nbd7 10. Bf4 Qe7 11. c4 g5 12. Be3 Bg7 13. Qb3 Rb8 {1-0 (88) Grandelius,N (2655)-Andreikin,D (2723) Porto Carras 2018}) 6... Nbd7 7. Bd3 g6 8. O-O {White is better.} Bg7 9. Ne2 O-O 10. c3 $146 (10. Bf4 $16 Qb4 11. Qc1) ({Predecessor:} 10. Bf4 Qb4 11. Qc1 c5 12. c3 Qb6 {0-1 (42) Rodriguez Redondo,A (1953)-Burmakin,V (2495) La Roda 2019}) 10... c5 11. Bf4 Qb6 12. Qd2 cxd4 13. cxd4 Nd5 14. Bg5 N7f6 15. Nc3 {[%cal Be2c3,Bc3a4,Ba4c5][%mdl 32]} Be6 16. Na4 Qd8 17. Nc5 Bc8 $1 18. Bh6 b6 {White must now prevent ...Bxh6.} 19. Bxg7 Kxg7 20. Ne4 Bb7 21. a3 Nh5 22. Rfe1 Rc8 23. Bf1 Ndf6 24. Bd3 Nd5 25. Ne5 Nhf4 26. Bf1 Ne6 27. Rad1 Nf6 28. Nxf6 exf6 29. Ng4 {With the idea d5.} f5 30. Qh6+ Kg8 {[#]} 31. d5 $1 {[%cal Rd5e6][%mdl 512]} Nc5 (31... Bxd5 32. Rxd5) 32. Ne5 {Strongly threatening d6.} Qd6 $1 33. Nc4 Qf6 34. Ne5 (34. b4 $14 Ne4 35. d6) 34... Rcd8 $36 {[%mdl 2048] White is under pressure.} 35. Bc4 Ne4 36. f4 {[#]} b5 $1 {[%mdl 512]} 37. Ba2 (37. Bxb5 Qb6+) 37... Rd6 (37... Qb6+ $2 38. Kh1 $17) 38. Rd4 Rc8 39. Red1 (39. Nf3 $142) 39... Rc5 ({Black should try} 39... Rc2 $17 40. Rb4 a6) 40. a4 $15 a6 41. axb5 axb5 42. Bb3 Qg7 (42... Qe7 $17) 43. Qxg7+ $11 Kxg7 44. Ra1 Rc8 45. Ra7 Rc1+ 46. Kh2 Nc5 $2 (46... Rc7 $1 $11 {and Black stays safe.}) 47. Nd3 $4 {[%mdl 8192]} (47. Rb4 $18 {was the only winning move.}) 47... Nxb3 $19 48. Nxc1 Nxd4 49. Rxb7 Rxd5 {KRN-KRN} 50. Nd3 Nc6 51. Ne1 Nd8 52. Rb8 Ne6 53. Kg3 Nd4 54. Nf3 $2 (54. Kf2 $17) 54... Ne2+ {Accuracy: White = 42%, Black = 57%.} 0-1

[Event "Copenhagen Chess Challenge 2019"]
[Site "Ballerup"]
[Date "2019.05.15"]
[Round "1.3"]
[White "Martin Saltvedt"]
[Black "Benjamin Haldorsen"]
[Result "0-1"]
[WhiteElo "2018"]
[BlackElo "2437"]
[Annotator "TA"]
[PlyCount "44"]
[EventDate "2019.05.16"]
[EventCountry "DEN"]
[SourceTitle "playchess.com"]
[Source "ChessBase"]
[SourceQuality "1"]

{[%evp 17,44,0,0,-32,0,-23,-23,-37,-55,-77,-37,-37,-22,-51,0,0,14,-376,-375,-367,-357,-353,-356,-415,-409,-381,-378,-907,-918]} 1. d4 Nf6 2. Nf3 c5 3. e3 g6 4. Be2 Bg7 5. O-O O-O 6. c4 cxd4 7. exd4 d5 8. Nc3 Nc6 9. h3 Be6 10. b3 {D94: Grünfeld: 4 Nf3 Bg7 5 e3} (10. Ng5 Bf5 11. Be3 Rc8 12. Nf3 dxc4 13. Bxc4 Na5 14. Be2 Nd5 15. Bd2 Nc4 16. Bxc4 Rxc4 17. Qe2 Rc8 {½-½ (54) Adianto,U (2554)-Leon Hoyos,M (2535) Beijing 2008}) 10... Rc8 11. Bb2 dxc4 12. bxc4 {And now d5 would win.Black has an edge.} Na5 $1 13. d5 Bd7 14. Ne5 Ne8 15. Nb5 $146 ({Reject} 15. Nxd7 Qxd7 16. Na4 Nxc4 $17) ({Predecessor:} 15. Ne4 Bxe5 16. Bxe5 Nxc4 17. Bxc4 Rxc4 18. Re1 f6 19. Bb2 Bf5 20. Ng3 {½-½ (20) Karsa,L (2383)-Velickovic,Z (2424) Hungary 2005}) 15... a6 ({Black should play} 15... Nxc4 $15 16. Bxc4 Bxe5 17. Bxe5 Rxc4) 16. Na3 $1 $11 Qc7 17. Qd2 $2 {[%mdl 8192]} (17. f4 $11 {and White has nothing to worry.}) 17... Bxe5 $19 18. Bxe5 Qxe5 19. Qxa5 Qxe2 20. Rfe1 Qh5 21. Rxe7 {[#]} Bxh3 $1 22. Qc3 $2 {[#]} (22. Re3 Bf5 23. Qb6) (22. gxh3 Qg5+) 22... Bxg2 $1 {[%mdl 64] Decoy. Accuracy: White = 27%, Black = 68%.} 0-1

[Event "Copenhagen Chess Challenge 2019"]
[Site "Ballerup"]
[Date "2019.05.15"]
[Round "1.4"]
[White "Mikkel Djernæs Antonsen"]
[Black "Shazil Shehzad"]
[Result "1/2-1/2"]
[WhiteElo "2423"]
[BlackElo "2016"]
[Annotator "TA"]
[PlyCount "82"]
[EventDate "2019.05.16"]
[EventCountry "DEN"]
[SourceTitle "playchess.com"]
[Source "ChessBase"]
[SourceQuality "1"]

{[%evp 28,82,46,43,57,47,60,33,41,32,43,35,52,77,62,40,31,54,42,65,132,39,40,33,37,32,32,29,58,58,55,53,52,47,104,35,29,31,50,31,28,34,78,77,75,75,93,72,68,0,0,0,0,0,0,0,0]} 1. Nf3 c5 2. c4 Nf6 3. Nc3 b6 4. d4 cxd4 5. Nxd4 Bb7 6. f3 e6 7. e4 d6 8. Be2 a6 9. O-O Be7 10. Be3 O-O 11. Rc1 Qc7 12. Qd2 Nbd7 13. Rfd1 Rac8 14. Bf1 Rfe8 15. Qf2 g6 {A31: Symmetrical English: 2 Nf3 Nf6 3 d4} (15... Qb8 16. Qg3 Bd8 17. Bg5 Kh8 18. b3 Rc5 19. Be3 Bc7 20. Nde2 d5 21. Bf4 dxe4 22. fxe4 Ne5 23. Qe3 Nh5 {0-1 (43) Forcen Esteban,D (2535)-Mareco,S (2650) Linares 2017}) 16. Kh1 Bf8 17. Qh4 $146 ({Predecessor:} 17. b3 Qb8 {½-½ (42) Hmadi,S (2240)-Panno,O (2520) Dubai 1986}) 17... Qb8 {White is slightly better.} 18. Bh6 Bxh6 19. Qxh6 Qa8 20. Qh4 Kg7 21. Nc2 (21. Rd2 {with more complications.} Ne5 22. Rcd1 Rcd8 23. Nc2 Qc8 24. Qf4) 21... d5 $1 22. exd5 exd5 23. cxd5 Nxd5 (23... Bxd5 $14 24. Nb4 (24. Nxd5 Nxd5 25. Bc4 N7f6 $11) 24... Bb7) 24. Nxd5 (24. Ne4 $1 $16) 24... Bxd5 $14 25. Qd4+ Nf6 $1 26. Ne3 {Strongly threatening Ng4.} ({Much weaker is} 26. Qxb6 Bxf3 27. Rd6 (27. gxf3 Rxc2 28. Qb3 Rf2 $15) 27... Ne4 $15) 26... Rxc1 27. Rxc1 Be6 28. Qxb6 Bxa2 29. Ra1 Be6 30. Rxa6 Rb8 {[#]} (30... Qd8 $14) 31. Qd4 ({Of course not} 31. Rxa8 $6 Rxb6 32. Nd1 Bb3 $11) (31. Nf5+ $1 $16 gxf5 32. Qe3) 31... Qb7 $1 32. Nd1 Qc7 {Hoping for ...Rd8.} 33. Ra1 Rd8 34. Qc3 Qb6 {[#]} 35. b4 $1 Rc8 36. Qb2 $36 {[%mdl 2048] White has strong initiative.} Bc4 37. Rc1 Re8 38. Nc3 ({Avoid the trap} 38. Rxc4 $2 Re1 $19) (38. Nf2 $14 Bxf1 39. Rxf1) 38... Bxf1 $11 {The position is equal.} 39. Rxf1 Qd4 40. Nd1 Qxb2 41. Nxb2 Re3 {Accuracy: White = 52%, Black = 56%.} 1/2-1/2

[Event "Copenhagen Chess Challenge 2019"]
[Site "Ballerup"]
[Date "2019.05.15"]
[Round "1.6"]
[White "Thorsten Michael Haub"]
[Black "Kim Nyvang Andersen"]
[Result "1-0"]
[WhiteElo "2398"]
[BlackElo "2004"]
[Annotator "TA"]
[PlyCount "73"]
[EventDate "2019.05.16"]
[EventCountry "DEN"]
[SourceTitle "playchess.com"]
[Source "ChessBase"]
[SourceQuality "1"]

{[%evp 25,73,28,25,0,38,26,30,0,24,24,21,-76,17,14,46,14,20,19,20,22,39,33,229,222,222,204,166,110,119,117,137,14,79,79,66,83,82,54,316,315,597,595,590,570,2097,1218,1650,926,871,863]} 1. g3 g6 2. Bg2 Bg7 3. Nf3 d6 4. O-O f5 5. c4 e5 6. d3 Nf6 7. Nc3 O-O 8. Rb1 a5 9. a3 {[%cal Ba2a3,Ba3b4,Bb4b5,Bb5b6][%mdl 32]} Nc6 10. b4 axb4 11. axb4 h6 12. b5 Ne7 13. Bb2 Be6 14. c5 {A26: English Opening vs King's Indian with ...Nc6 and d3} g5 15. b6 c6 {[#]} 16. Na4 $146 {White has an edge.} ({Predecessor:} 16. cxd6 Qxd6 17. Qc2 Nd7 18. Bc1 Nd5 19. Nxd5 cxd5 20. Qc7 Qxc7 21. bxc7 e4 {0-1 (79) Neiksans,A (2624)-Inarkiev,E (2732) Germany 2016}) 16... Ng6 17. cxd6 $1 Qxd6 18. Nd2 (18. Qc2 $11 {keeps the balance.}) 18... Rfd8 (18... Qb4 $17 19. Nc3 Rfd8) 19. Qc2 $11 Bd5 20. Nc4 Qe7 21. e4 $36 {[%mdl 2048] White has good play.} fxe4 22. dxe4 Nxe4 23. Ne3 Rxa4 $2 (23... Qb4 $14 24. Nc3 Nxc3 25. Bxc3 (25. Nxd5 Nxd5 26. Qxg6 Qd6 $15) 25... Qd6) 24. Qxa4 $18 Nd2 25. Nxd5 cxd5 26. Qc2 (26. Qa5 $18 Nxf1 27. Bxd5+ Kh8 28. Kxf1 (28. Rxf1 e4 $16)) 26... Nxf1 27. Qxg6 Nd2 28. Rc1 (28. Rd1 $16 Ne4 29. Bxe5 $1 {[%mdl 512]} Qxe5 30. Bxe4 {[%mdl 64] Pin}) 28... Qf6 (28... Nc4 $1 $11 {remains equal.} 29. Bxd5+ {[%mdl 64] Remove Defender} Rxd5 30. Rxc4 Qf6 31. Rc8+ Rd8) 29. Qxf6 $16 Bxf6 30. Rc5 $1 Ne4 31. Rc7 Rd6 $2 {[%mdl 8192]} (31... Nd2 $1 $14) 32. Rxb7 $18 Nc5 $2 {[#]} (32... h5 {was worth a try.} 33. Bc1 Nc3) 33. Rb8+ $1 {White is clearly winning.} Rd8 {[#]} 34. Bxe5 $1 {[%mdl 512]} Nd7 (34... Bxe5 35. Rxd8+) 35. Bxd5+ Kf8 36. Rxd8+ Bxd8 37. b7 {Accuracy: White = 54%, Black = 21%.} 1-0

[Event "Copenhagen Chess Challenge 2019"]
[Site "Ballerup"]
[Date "2019.05.15"]
[Round "1.8"]
[White "Can Ertan"]
[Black "Michael Tandrup"]
[Result "1-0"]
[WhiteElo "2391"]
[BlackElo "1982"]
[Annotator "TA"]
[PlyCount "116"]
[EventDate "2019.05.16"]
[EventCountry "DEN"]
[SourceTitle "playchess.com"]
[Source "ChessBase"]
[SourceQuality "1"]

{[%evp 26,116,43,30,87,54,37,41,81,66,106,0,0,2,0,-85,-77,-75,-9,-8,-21,-75,-95,-94,-75,-61,-58,-96,-65,-98,-98,-126,-104,-79,-78,-129,-144,-125,-96,-99,-74,-64,-15,-29,0,0,0,0,8,0,0,1,8,-15,-16,-93,0,-3,-3,-5,0,-13,0,-2,0,0,0,0,1,1,260,175,499,478,8507,8023,6733,6562,5811,5403,4736,3375,5971,5404,29963,11212,29966,29969,29966,29968,29967,29966,4618]} 1. e4 c5 2. Nf3 Nc6 3. d4 cxd4 4. Nxd4 Nf6 5. Nc3 e5 6. Ndb5 d6 7. Bg5 a6 8. Na3 b5 9. Bxf6 gxf6 10. Nd5 f5 11. Bd3 Be6 12. O-O Bxd5 13. exd5 Ne7 14. Nxb5 e4 {B33: Sicilian: Pelikan and Sveshnikov Variations} (14... Bg7 $1 $11 {keeps the balance.}) (14... Bg7 15. Nc3 e4 16. Be2 Ng6 17. Re1 O-O 18. Bf1 Re8 19. Qd2 Rb8 20. Rab1 Ne5 21. Bxa6 Qf6 22. Be2 {0-1 (41) Zhao,J (2621)-Wei,Y (2706) China 2015}) 15. Be2 Bg7 16. Nd4 O-O $146 {White is slightly better.} ({Predecessor:} 16... Qb6 17. c3 O-O 18. Qd2 Qc5 19. Qg5 f6 20. Qxg7+ Kxg7 21. Ne6+ Kf7 22. Nxc5 dxc5 {1-0 (42) Vogel,R (2043)-Richter,M (2190) Dresden 2012}) 17. Qd2 Qb6 18. Rfd1 (18. c3 $1 $16) 18... Qxb2 $11 19. Qg5 Rfe8 20. h4 (20. Rab1 $11 Qxa2 21. Nxf5 Nxf5 22. Qxf5) 20... h6 $1 $17 {[%cal Rh6g5]} 21. Qg3 Kf8 (21... Kh7 $17 22. Rab1 Qxa2) 22. Rab1 $11 Qxa2 23. Rb3 (23. Nc6 $11 Nxc6 24. dxc6) 23... Bxd4 $17 24. Rxd4 Qa1+ $1 25. Rd1 Qf6 26. Qf4 $1 Kg7 27. Rb6 Red8 28. h5 Qg5 29. Qxg5+ hxg5 30. Rxa6 (30. Bxa6 $142 Ng8 31. c4) 30... Rxa6 31. Bxa6 {[%mdl 4096] Endgame KRB-KRN} Ra8 32. Bb5 g4 33. c4 Rc8 34. Ra1 Rc5 35. Ra6 Nxd5 36. Rxd6 Nc7 37. h6+ Kh7 38. Bd7 Ne6 $132 {[%mdl 2048] Black is not holding back} 39. Rd5 {Strongly threatening Bxe6.} Rc7 40. Bb5 (40. Kh2 $11 {remains equal.}) 40... Kg6 (40... f4 $17 41. Re5 Nc5) 41. h7 $11 Kxh7 42. Rxf5 Nd4 43. Rf6 Kg7 44. Rd6 Nxb5 (44... Nf5 {looks sharper.} 45. Rd7 Rc5 46. Kf1 Kf6 47. g3 Ke6) 45. cxb5 {KR-KR} Rc1+ 46. Kh2 Rc3 47. Rd4 f5 $2 {[%mdl 8192] [#]} (47... g3+ $11 {and Black is okay.} 48. fxg3 e3) 48. Rb4 $1 $18 {aiming for b6.} Kf6 $2 (48... g3+ {is more resistant.} 49. fxg3 Rc7) 49. b6 {Black must now prevent b7.} Rc8 (49... g3+ $142 50. fxg3 Rc8) 50. b7 Rb8 51. Kg3 Ke5 {[#]} 52. Rb5+ $1 Kd4 53. Kf4 g3 54. Kxg3 e3 55. Kf3 exf2 56. Kxf2 {White mates.} Ke4 57. Rb4+ Ke5 58. Kf3 Kd5 {Accuracy: White = 63%, Black = 29%.} 1-0

[Event "Copenhagen Chess Challenge 2019"]
[Site "Ballerup"]
[Date "2019.05.15"]
[Round "1.9"]
[White "Jacob Jonsson"]
[Black "Jonas Hacker"]
[Result "0-1"]
[WhiteElo "1970"]
[BlackElo "2386"]
[Annotator "TA"]
[PlyCount "69"]
[EventDate "2019.05.16"]
[EventCountry "DEN"]
[SourceTitle "playchess.com"]
[Source "ChessBase"]
[SourceQuality "1"]

{[%evp 15,69,-23,0,-21,0,-53,-25,-23,-39,-71,-70,-93,-34,-32,11,8,8,-24,-19,-22,-13,-67,-78,-65,-73,-64,-74,-109,-116,-106,-87,-94,-66,-65,-66,-58,-64,-72,-60,-65,-65,-66,-53,-83,-64,-66,-34,-47,-33,-104,0,0,0,-678,-662,-662]} 1. d4 d5 2. c4 e6 3. Nc3 Bb4 4. Nf3 Nf6 5. Bg5 dxc4 6. e3 b5 7. a4 c6 8. Be2 Bb7 9. O-O {D44: Semi-Slav: Botvinnik System} a6 10. Ne5 (10. Ne4 $11) 10... Be7 (10... Nbd7 {is more complex.} 11. Qc2 Be7 12. Nxd7 Qxd7 13. Rfd1 O-O) (10... Nbd7 11. f4 Be7 12. Bf3 Nd5 13. Bxe7 Qxe7 14. Nxd7 Qxd7 15. Qd2 Nxc3 {½-½ (15) Martirosyan,H (2616)-Diermair,A (2478) Skopje 2019}) 11. axb5 {Black has an edge.} cxb5 12. Bxf6 Bxf6 13. Bf3 Bxe5 $146 (13... Qb6 $17) ({Predecessor:} 13... Qb6 14. Ne4 Bxe5 15. dxe5 Bxe4 16. Bxe4 Ra7 {0-1 (36) Calleja Quintana,J (2140)-Gonzalez Menendez,I (2242) Asturias 2000}) 14. dxe5 $15 Bxf3 (14... Nc6 {is interesting.} 15. Ne4 O-O 16. Nc5 Qc8 17. Be4 a5) 15. Qxf3 Nd7 {[%cal Bb8d7,Bd7e5,Be5d3][%mdl 32]} 16. Nxb5 {[#] Threatening mate with Nd6+.} (16. Rfd1 $5 {[%cal Rd1d7]} O-O 17. Qb7 $11) 16... O-O $36 {[%mdl 2048] Black fights for an advantage.} 17. Na3 Nxe5 18. Qe4 ({White should play} 18. Qf4 $1 $11 Qf6 19. Qe4) 18... Qd5 19. Qxd5 exd5 20. Rfd1 Rfd8 21. Rd2 Rab8 22. Nb1 Nd3 23. Nc3 Rxb2 (23... Rd6 {keeps more tension.} 24. Ra5 Rbd8 25. b3 g6 26. bxc4 dxc4 27. Kf1 Rb8) 24. Rxb2 Nxb2 25. Rxa6 $17 {[%mdl 4096] Endgame KRN-KRN} g6 26. g3 Nd3 27. Ra5 Rb8 {...Rb3 is the strong threat.} 28. Rxd5 Rb2 29. Rd8+ Kg7 30. Ne4 f5 (30... c3 $5 31. Nxc3 Nxf2 $17) 31. Rd7+ $1 Kh6 32. Nf6 $1 Kg5 ({Black should try} 32... Nxf2 $17 {Strongly threatening ...c3.} 33. h4 g5) 33. Rf7 $11 {[#] Intending h4+ and mate.} f4 34. e4 $2 {[%mdl 8192]} (34. exf4+ $11 Kf5 35. Nxh7+ Kg4 36. f3+ {[%mdl 64] Decoy} Kxf3 37. Ng5+ Ke3 38. Re7+ Kd4 39. Rd7+ Ke3 40. Re7+ Kd4 41. Rd7+ Ke3 42. Re7+) 34... Rb1+ $19 35. Kg2 {Accuracy: White = 57%, Black = 56%.} 0-1

[Event "Copenhagen Chess Challenge 2019"]
[Site "Ballerup"]
[Date "2019.05.15"]
[Round "1.10"]
[White "Martin Haubro"]
[Black "Andreas Tenold"]
[Result "1-0"]
[WhiteElo "2380"]
[BlackElo "1969"]
[Annotator "TA"]
[PlyCount "59"]
[EventDate "2019.05.16"]
[EventCountry "DEN"]
[SourceTitle "playchess.com"]
[Source "ChessBase"]
[SourceQuality "1"]

{[%evp 23,59,31,54,7,78,34,51,40,52,52,55,41,43,41,41,37,43,33,55,56,61,41,84,56,84,84,105,112,223,164,148,150,257,182,29996,605,29997,29998]} 1. e4 c5 2. Nf3 g6 3. d4 cxd4 4. Nxd4 Nc6 5. c4 Nf6 6. Nc3 d6 7. Be2 Nxd4 8. Qxd4 Bg7 9. Be3 O-O 10. Qd2 a5 11. O-O a4 12. f3 Be6 13. Nb5 {[#] B36: Sicilian: Maroczy Bind: Gurgenidze System} Rc8 $146 (13... Qa5 $11) ({Predecessor:} 13... Nd7 14. Rab1 Qa5 15. Qxa5 Rxa5 16. Nc7 Nc5 17. Rfc1 Rc8 18. Bd2 Ra7 19. Nxe6 Nxe6 20. Kf1 Nc5 {½-½ (78) Yu,Y (2751)-Mamedov,R (2709) Huaian 2017}) 14. Qb4 Nd7 15. Rac1 {White is slightly better.} Nc5 16. Rfd1 b6 17. Rd2 Qd7 18. Nc3 Qa7 19. Rdc2 Ra8 20. Nd5 Rfb8 21. Qe1 Bxd5 22. cxd5 Qd7 23. Qb4 Ra5 24. Kh1 a3 25. b3 ({Of course not} 25. bxa3 Qa7 $11) 25... Qa7 (25... Bb2 $16) 26. Bb5 Bb2 27. Rd1 Na6 (27... Qb7 $16 {might work better.} 28. Qc4 Nd7) 28. Qc4 Rb7 $2 (28... Nc7 $18 29. Qxc7 Qxc7 30. Rxc7 Rxb5 31. Rxe7 f5) 29. Qc8+ Kg7 {[#]} 30. Qf8+ $1 {[%mdl 576] Decoy, Back Rank. Accuracy: White = 60%, Black = 32%.} 1-0

[Event "Copenhagen Chess Challenge 2019"]
[Site "Ballerup"]
[Date "2019.05.15"]
[Round "1.11"]
[White "Daniel Bendixen"]
[Black "Mikkel Strange"]
[Result "0-1"]
[WhiteElo "1957"]
[BlackElo "2368"]
[Annotator "TA"]
[PlyCount "74"]
[EventDate "2019.05.16"]
[EventCountry "DEN"]
[SourceTitle "playchess.com"]
[Source "ChessBase"]
[SourceQuality "1"]

{[%evp 11,74,16,22,0,39,0,-2,0,0,0,0,0,0,-34,-14,-33,-34,-41,-46,-91,-61,-42,-12,-24,0,0,0,-67,-69,-111,-110,-104,-82,-53,-58,-278,-263,-261,-259,-265,-201,-258,-205,-512,-512,-482,-398,-412,-390,-477,-471,-505,-493,-610,-608,-734,-725,-899,-893,-904,-903,-816,-764,-687,-629]} 1. e4 e5 2. Nf3 Nc6 3. d4 exd4 4. Nxd4 Qf6 5. Nxc6 Bc5 6. Qf3 bxc6 7. Be2 {C45: Scotch Game} (7. Nd2 {feels hotter.} d6 8. Bd3 Qxf3 9. Nxf3 Ne7 10. O-O) (7. Nc3 d6 8. Qg3 h5 9. h4 Bd4 10. Bg5 Qe5 11. Qxe5+ Bxe5 12. O-O-O Bxc3 13. bxc3 Be6 14. Rd4 f6 {½-½ (71) Nepomniachtchi,I (2751)-Le,Q (2739) Saint Louis 2017}) 7... Rb8 8. c3 $146 ({Predecessor:} 8. O-O d6 9. Nd2 a5 10. Nb3 Bb6 11. Bd2 a4 12. Bc3 Qxf3 13. gxf3 Ne7 14. Nd4 Bd7 15. Bd3 Ng6 16. Ne2 Bh3 17. Rfb1 Rg8 18. b3 {½-½ (18) Litvinov,D-Kohl,H (2103) Germany 2004}) 8... Qxf3 9. Bxf3 {The position is equal.} Ne7 10. O-O O-O 11. b4 Bd6 12. Bd2 c5 {[%cal Rc5b4]} 13. a3 {[#]} a5 $1 {[%mdl 512]} 14. bxa5 Nc6 15. c4 Nd4 {[%mdl 1024] Black has strong compensation.} 16. Nc3 Be5 {Threatens to win with ...Nb3.} 17. Rab1 Nb3 18. Be1 {[#] Black must now prevent Bd1.} Ba6 19. Be2 (19. Nb5 $1 $11 Nd4 20. a4) 19... c6 $36 {[%mdl 2048] Black has good play.} 20. Na4 Nd4 21. Bd3 Rxb1 22. Bxb1 Bxc4 {aiming for ...Rb8.} 23. Nb6 $2 (23. Nxc5 $15 Bxh2+ 24. Kxh2 Bxf1 25. Nxd7) 23... Bxf1 $19 24. Kxf1 Rd8 ({Stronger than} 24... Bxh2 25. g3 $14) 25. f3 Kf8 26. Bd3 Ke7 (26... Bxh2 27. g3 $15) 27. Bg3 $2 (27. a6 Bb8 28. e5) 27... Bxg3 28. hxg3 {[%mdl 4096] Endgame KRN-KBN} Kd6 29. Bc4 f6 30. a4 Kc7 {Black is clearly winning.} 31. Kf2 Nc2 32. f4 Nb4 33. Kf3 d5 34. exd5 Nxd5 35. Nxd5+ cxd5 36. Bb5 Ra8 37. a6 Kb6 {Accuracy: White = 19%, Black = 68%.} 0-1

[Event "Copenhagen Chess Challenge 2019"]
[Site "Ballerup"]
[Date "2019.05.15"]
[Round "1.12"]
[White "Vladimir Okhotnik"]
[Black "Elias Hulleberg Sidali"]
[Result "1-0"]
[WhiteElo "2347"]
[BlackElo "1953"]
[Annotator "TA"]
[PlyCount "107"]
[EventDate "2019.05.16"]
[EventCountry "DEN"]
[SourceTitle "playchess.com"]
[Source "ChessBase"]
[SourceQuality "1"]

{[%evp 13,107,22,37,34,66,49,66,71,70,67,60,59,54,54,52,64,64,58,69,57,73,76,69,79,95,55,58,64,69,56,107,105,114,113,135,126,139,135,168,175,181,172,174,182,171,155,239,231,234,232,217,138,143,140,140,130,220,196,194,194,194,195,190,188,189,176,209,183,232,210,215,202,222,222,217,188,240,213,2167,2179,1790,1008,29978,29979,29982,29983,29983,29984,29984,29985,29984,29984,29986,29987,29987,29988]} 1. e4 c5 2. Nf3 Nc6 3. c3 e6 4. d4 d5 5. exd5 exd5 6. Bb5 Nf6 7. O-O Be7 8. dxc5 {B22: Sicilian: 2 c3} O-O 9. Bg5 Bxc5 10. Bxf6 {White is slightly better.} Qxf6 11. Qxd5 Bb6 12. Na3 $146 (12. Nbd2 Rd8 13. Qh5 Bf5 14. Nc4 Bc7 15. Ne3 Be4 {½-½ (26) Rublevsky,S (2683)-Timofeev,A (2549) Sochi 2017}) ({Predecessor:} 12. Qg5 Qxg5 13. Nxg5 Rd8 {1-0 (30) Godena,M (2506)-King,D (2508) Switzerland 2002}) 12... Rd8 13. Qg5 Qxg5 14. Nxg5 h6 15. Nf3 Be6 16. Be2 Bg4 17. Nc4 Bc5 18. a4 {[%cal Ba2a4,Ba4a5][%mdl 32]} a6 19. a5 Re8 20. Rfe1 Rad8 21. h3 Bh5 (21... Be6 $14) 22. Kf1 $16 Bg6 23. Red1 Rxd1+ 24. Rxd1 Bc2 25. Rd7 Bb3 26. Nfd2 Bxc4 27. Nxc4 Re7 28. Rd5 Ba7 29. Bf3 g6 (29... Kf8 $16 30. b4 g6) 30. Rd2 Rc7 {[#]} 31. Bxc6 $1 Rxc6 $18 {[%mdl 4096] Endgame KRB-KRN} 32. b3 Rc7 33. Rd8+ Kg7 34. f3 Re7 (34... Bc5 $16 {was called for.} 35. f4 Be7) 35. Ra8 Be3 36. Nxe3 Rxe3 {KR-KR} 37. Rc8 Re7 38. Rc4 Kf6 39. b4 h5 40. h4 Kf5 41. Kf2 f6 42. Rd4 Rc7 {[#]} 43. c4 $1 g5 44. Ke3 Re7+ (44... gxh4 $142 45. Rxh4 Kg5) 45. Re4 Rxe4+ $2 (45... Rd7 46. g4+ Kg6) 46. fxe4+ {KP-KP} Ke5 47. g3 gxh4 48. gxh4 {White mates.} f5 49. exf5 Kxf5 50. b5 Ke5 51. c5 axb5 52. c6 $1 Kd6 53. cxb7 Kc7 54. a6 {Accuracy: White = 86%, Black = 40%.} 1-0